Investigación sobre la estructura y dinamica de la familia en una colonia suburbana, a traves de un programa de orientación familiar (Record no. 211238)

MARC details
000 -CABECERA
campo de control de longitud fija 00939nam a22002537a 4500
005 - FECHA Y HORA DE LA ÚLTIMA TRANSACCIÓN
campo de control 20241007124300.0
008 - ELEMENTOS DE LONGITUD FIJA--INFORMACIÓN GENERAL
campo de control de longitud fija 240514b |||||||| |||| 00| 0 spa d
040 ## - FUENTE DE LA CATALOGACIÓN
Centro catalogador/agencia de origen MX-MxUPN
Lengua de catalogación spa
041 0# - CÓDIGO DE IDIOMA
Código de lengua del texto/banda sonora o título independiente spa
050 #4 - SIGNATURA TOPOGRÁFICA DE LA BIBLIOTECA DEL CONGRESO
Número de clasificación HQ562.15 C5
Número de documento/Ítem N54 1978
100 1# - ASIENTO PRINCIPAL--NOMBRE PERSONAL
9 (RLIN) 53909
Nombre de persona Nieto, Olga
100 1# - ASIENTO PRINCIPAL--NOMBRE PERSONAL
9 (RLIN) 53910
Nombre de persona Aragón, Gabriela
100 1# - ASIENTO PRINCIPAL--NOMBRE PERSONAL
9 (RLIN) 53912
Nombre de persona Pérez, Federico
100 1# - ASIENTO PRINCIPAL--NOMBRE PERSONAL
9 (RLIN) 53913
Nombre de persona Lozoya, Carolina
100 1# - ASIENTO PRINCIPAL--NOMBRE PERSONAL
9 (RLIN) 53914
Nombre de persona Fontanot, Gina
245 10 - MENCIÓN DE TÍTULO
Título Investigación sobre la estructura y dinamica de la familia en una colonia suburbana, a traves de un programa de orientación familiar
260 ## - PUBLICACIÓN, DISTRIBUCIÓN, ETC.
Lugar de publicación, distribución, etc. México :
Nombre del editor, distribuidor, etc. Congreso Internacional de educación,
Fecha de publicación, distribución, etc. 1978.
300 ## - DESCRIPCIÓN FÍSICA
Extensión 14 hojas
650 #4 - ASIENTO SECUNDARIO DE MATERIA - TERMINO TEMATICO
9 (RLIN) 25166
Término de materia o nombre geográfico como elemento de entrada Familias
Subdivisión geográfica Ciudad de México
650 #2 - ASIENTO SECUNDARIO DE MATERIA - TERMINO TEMATICO
9 (RLIN) 6399
Término de materia o nombre geográfico como elemento de entrada Orientación familiar
711 2# - ASIENTO SECUNDARIO - NOMBRE DE REUNIÓN
9 (RLIN) 29007
Nombre de congreso/reunión o jurisdicción como elemento de entrada Congreso Internacional de Educación
Número del congreso/reunión o número de parte o sección (22o :
Fecha del congreso/reunión 1978 :
Sede del congreso/Lugar de la reunión México)
902 ## - ELEMENTOS DE DATOS B LOCAL, LDB (RLIN)
Creó MarielOrtiz/140524
Modificó VíctorGodínez(071024
942 ## - ELEMENTOS DE PUNTO DE ACCESO ADICIONAL (KOHA)
Fuente del sistema de clasificación o colocación Library of Congress Classification
Tipo de ítem Koha Folleto
Holdings
Estado de retiro Estado de pérdida Fuente del sistema de clasificación o colocación Estado dañado No para préstamo Código de colección Localización permanente Ubicación/localización actual Ubicación en estantería Fecha de adquisición Clasificación Código de barras Fecha visto por última vez Precio válido a partir de Tipo de ítem Koha
    Library of Congress Classification   Disponible (Préstamo en sala) Folletería Bib. Gregorio Torres Quintero Bib. Gregorio Torres Quintero Colecciones especiales Planta alta 14/05/2024 HQ562.15 C5 N54 1978 533f 14/05/2024 14/05/2024 Folleto